La Joventut a Catalunya : informe sociològic sobre el jovent de la comarca d'Osona, Cornellà de Llobregat i Barcelona ciutat / Joaquim Casal i Bataller informe sociològic sobre el jovent de la comarca d'Osona, Cornellà de Llobregat i Barcelona ciutat / Joaquim Casal i Bataller
MARC
| LEADER | 00000nam a2200000Ia 4500 | ||
|---|---|---|---|
| 001 | 585 | ||
| 008 | 160829s1981 xx 000 0 cat d | ||
| 080 | |a S-1-126 | ||
| 100 | |a Casal i Bataller, Joaquim |9 32732 | ||
| 245 | |a La Joventut a Catalunya : |b informe sociològic sobre el jovent de la comarca d'Osona, Cornellà de Llobregat i Barcelona ciutat / Joaquim Casal i Bataller | ||
| 260 | |a Barcelona : |b Servei Central de Publicacions de la Generalitat de Catalunya, |c 1981 | ||
| 300 | |a 285 p. ; |c 22 cm | ||
| 590 | |a A la part superior de la portada: Generalitat de Catalunya. Departament de la Presidència. Direcció General de la Joventut | ||
| 650 | 0 | |a Joventut |z Catalunya |9 18952 | |
| 650 | |a Joves |x Aspectes socials |x Catalunya |9 31498 | ||
| 700 | |a Catalunya. Servei Central de Publicacions |9 32734 | ||
| 901 | |a Arxiu | ||
| 942 | |n 1 | ||
| 952 | |0 0 |1 0 |4 0 |6 S1126 |7 1 |9 46084 |a Arxiu |b Arxiu |d 2016-12-01 |l 0 |o S-1-126 |p 585 |r 2016-12-01 00:00:00 |w 2016-12-01 |y ARXIU | ||
| 999 | |c 49586 |d 49586 | ||